01036 2200205 4500001002100000005001500021008004100036020001800077035001900095041000800114082001000122084001400132100002400146245003200170260002800202300002900230500002400259520052400283650002300807INLIS00000000000005120200508200640200508||||||||| | ||| |||| ||ind|| a9789647588638 0010-0520000051 aind0 a923.1 a923.1/WAR0 aEditor Jacob Oetama00aWarisan (daripada) Soeharto aJakartabGramediac2008 axvi, 640 p.;21 cmc21 cm aIndeks : p. 607-628 aLebih dari 30 tahun lamanya Soeharto berkuasa. Ia naik ke singgasana kekuasaan dari krisis politik (1966); juga berhenti di tengah krisis politik (1998). Ia merasa mengerjakan segalanya demi kesejahteraan rakyat; ternyata cuma untuk keluarga dan orang terdekat. Buku ini menyajikan catatan lengkap dan mendalam perihal sepak terjang Soeharto. Berbagai catatan jurnalistik yang kritis dan humanis, serta opini dan analisis tajam seputar persoalan penting pada sosok Soeharto disajikan pula dengan lengkap dalam buku ini. 0aSoeharto-Biography